000 00712nam a2200289Ia 4500
005 20260324121148.0
008 008 260324s9999 xx 000 0 eng d
020 _a9781315771946
037 _aEBOOK
040 _aCRL
040 _beng
040 _cCRL
041 _2eng
041 _aeng
084 _qCRL
100 _aIsabel Hopwood-Stephens
_91161435
245 0 _aOutdoor Play for 1--3 Year Olds
245 0 _bHow to set up and run your own outdoor toddler group
260 _bTaylor and Francis
260 _c2014
365 _a
365 _b230
856 _uhttp://www.taylorfrancis.com/books/9781315771946
942 _cEBOOK
999 _c1753365
_d1753365